[Event "Niedersachsen-ch open"]
[Site "Verden"]
[Date "2010.01.04"]
[Round "3.6"]
[White "Neumair, Cedric"]
[Black "Lossin, Sven Hendrik"]
[Result "1/2-1/2"]
[WhiteElo "1842"]
[BlackElo "2067"]
[PlyCount "63"]
[EventDate "2010.01.03"]
[EventType "swiss"]
[EventRounds "7"]
[EventCountry "GER"]
[SourceTitle "EXT 2012"]
[Source "ChessBase"]
[SourceDate "2011.11.24"]
[SourceVersion "1"]
[SourceVersionDate "2011.11.24"]
[SourceQuality "1"]

1. d4 d5 2. c4 e6 3. Nc3 Nf6 4. cxd5 exd5 5. Bg5 Be7 6. e3 h6 7. Bh4 0-0 8. Bd3 b6 9. Qc2 Bb7 10. Nf3 Nbd7 11. 0-0 Nh5 12. Bxe7 Qxe7 13. Rfe1 Nhf6 14. e4 dxe4 15. Nxe4 Bxe4 16. Bxe4 Nxe4 17. Rxe4 Qd6 18. Rc1 Nf6 19. Re5 Nd5 20. Qa4 Nb4 21. Rc3 a5 22. a3 Nd5 23. Rc6 Qd7 24. Qc4 Rad8 25. Rh5 Nf4 26. Rh4 Qf5 27. h3 Nd5 28. Qc1 Rd6 29. Ne5 Rxc6 30. Qxc6 Rd8 31. Rg4 Qf6 32. Qc1 1/2-1/2

[Event "Niedersachsen-ch open"]
[Site "Verden"]
[Date "2010.01.03"]
[Round "2.14"]
[White "Meyer, Juergen"]
[Black "Neumair, Cedric"]
[Result "0-1"]
[WhiteElo "2093"]
[BlackElo "1842"]
[PlyCount "50"]
[EventDate "2010.01.03"]
[EventType "swiss"]
[EventRounds "7"]
[EventCountry "GER"]
[SourceTitle "EXT 2012"]
[Source "ChessBase"]
[SourceDate "2011.11.24"]
[SourceVersion "1"]
[SourceVersionDate "2011.11.24"]
[SourceQuality "1"]

1. e4 c5 2. Nf3 d6 3. d4 cxd4 4. Nxd4 Nf6 5. Nc3 a6 6. Be2 e5 7. Nb3 Be7 8. 0-0 0-0 9. Kh1 Be6 10. f4 exf4 11. Bxf4 Nc6 12. a4 Rc8 13. Nd4 Nxd4 14. Qxd4 Qc7 15. e5 dxe5 16. Bxe5 Rfd8 17. Qe3 Qc5 18. Qg3 Bd6 19. Bxd6 Qxd6 20. Qh4 Qb6 21. Rxf6 Qxb2 22. Raf1 Qxc3 23. R6f2 Rd4 24. Qe7 Qc7 25. Qa3 Rh4 0-1

[Event "Niedersachsen-ch open"]
[Site "Verden"]
[Date "2010.01.03"]
[Round "1.38"]
[White "Neumair, Cedric"]
[Black "Hurink, Maarten"]
[Result "1-0"]
[WhiteElo "1842"]
[BlackElo "1846"]
[PlyCount "65"]
[EventDate "2010.01.03"]
[EventType "swiss"]
[EventRounds "7"]
[EventCountry "GER"]
[SourceTitle "EXT 2012"]
[Source "ChessBase"]
[SourceDate "2011.11.24"]
[SourceVersion "1"]
[SourceVersionDate "2011.11.24"]
[SourceQuality "1"]

1. d4 d5 2. c4 c6 3. Nf3 Nf6 4. Nc3 a6 5. cxd5 cxd5 6. Bg5 Bf5 7. Qb3 e6 8. Qxb7 Nbd7 9. Ne5 Rb8 10. Qxa6 Rxb2 11. e4 Bb4 12. Rc1 Bxc3+ 13. Rxc3 Rb1+ 14. Bc1 Bxe4 15. Rc8 Rxc1+ 16. Rxc1 0-0 17. f3 Bf5 18. Nc6 Qe8 19. Bb5 Nb8 20. Nxb8 Qxb8 21. 0-0 Qf4 22. Rfd1 h5 23. a4 h4 24. Bf1 h3 25. a5 g5 26. Qe2 hxg2 27. Bxg2 Kg7 28. Qe5 Qh4 29. a6 Kg6 30. a7 Nh5 31. Qb8 Bh3 32. Qxf8 Bxg2 33. a8Q 1-0

[Event "Hannover-ch U16/18"]
[Site "Stadthagen"]
[Date "2009.10.06"]
[Round "7"]
[White "Siegmann, Steffen"]
[Black "Neumair, Cedric"]
[Result "1/2-1/2"]
[WhiteElo "1420"]
[BlackElo "1764"]
[PlyCount "77"]
[EventDate "2009.10.03"]
[EventType "swiss"]
[EventRounds "7"]
[EventCountry "GER"]
[SourceTitle "EXT 2021"]
[Source "ChessBase"]
[SourceDate "2020.10.23"]
[SourceVersion "1"]
[SourceVersionDate "2020.10.23"]
[SourceQuality "1"]

1. e4 c5 2. c3 d5 3. exd5 Qxd5 4. d4 Nc6 5. Nf3 Bg4 6. Be2 e6 7. 0-0 Nf6 8. Be3 cxd4 9. cxd4 Be7 10. Nc3 Qa5 11. a3 a6 12. h3 Bh5 13. Qb3 Qc7 14. Rac1 0-0 15. d5 exd5 16. Nxd5 Nxd5 17. Qxd5 Bxf3 18. Bxf3 Bf6 19. Rc2 Rac8 20. Rfc1 Qb8 21. b4 Rcd8 22. Qb3 Ne5 23. Be2 Nc6 24. Bb6 Nd4 25. Bxd4 Bxd4 26. Qf3 Rd6 27. Bc4 Rf6 28. Qb3 Bxf2+ 29. Kh1 Qf4 30. Rf1 Qg3 31. Qxg3 Bxg3 32. Rxf6 gxf6 33. Rc3 Be5 34. Rd3 Rc8 35. Bb3 Rc7 36. Kg1 Kg7 37. Kf2 Kg6 38. Bd5 h5 39. Bf3 1/2-1/2

[Event "Hannover-ch U16/18"]
[Site "Stadthagen"]
[Date "2009.10.05"]
[Round "6"]
[White "Essmann, Julian"]
[Black "Neumair, Cedric"]
[Result "0-1"]
[WhiteElo "1563"]
[BlackElo "1764"]
[PlyCount "88"]
[EventDate "2009.10.03"]
[EventType "swiss"]
[EventRounds "7"]
[EventCountry "GER"]
[SourceTitle "EXT 2021"]
[Source "ChessBase"]
[SourceDate "2020.10.23"]
[SourceVersion "1"]
[SourceVersionDate "2020.10.23"]
[SourceQuality "1"]

1. e4 c5 2. Nf3 d6 3. c3 Nf6 4. d3 e6 5. Bf4 Be7 6. Nbd2 Nbd7 7. Be2 a6 8. a4 b6 9. Nc4 e5 10. Bg5 0-0 11. 0-0 Rb8 12. Qc2 Bb7 13. Ne3 Re8 14. Nh4 g6 15. f4 exf4 16. Bxf4 Nf8 17. Nf3 Ne6 18. Bg5 b5 19. axb5 axb5 20. Bxf6 Bxf6 21. Ng4 Bg7 22. Ra7 Qb6 23. Rfa1 b4 24. c4 Nd4 25. Nxd4 Bxd4+ 26. Kh1 h5 27. Nh6+ Kg7 28. Qd2 Bf6 29. g4 Re5 30. Qf4 Rf8 31. Nf5+ gxf5 32. gxf5 Rh8 33. R7a2 Kf8 34. Bd1 Ke7 35. Bf3 Kd7 36. Rg1 Ree8 37. b3 Qd8 38. Ra7 Kc8 39. Rga1 Bxa1 40. Rxa1 Qf6 41. e5 Qxe5 42. Bxb7+ Kxb7 43. Qf3+ Kb6 44. f6 Qxa1+ 0-1

[Event "La Fere op 8th"]
[Site "La Fere"]
[Date "2009.07.11"]
[Round "9"]
[White "Neumair, Cedric"]
[Black "Herman, Jean"]
[Result "1-0"]
[WhiteElo "1845"]
[BlackElo "2050"]
[PlyCount "131"]
[EventDate "2009.07.04"]
[EventType "swiss"]
[EventRounds "9"]
[EventCountry "FRA"]
[SourceTitle "CBM 131 Extra"]
[Source "ChessBase"]
[SourceDate "2009.09.03"]
[SourceVersion "2"]
[SourceVersionDate "2009.09.16"]
[SourceQuality "1"]

1. d4 d5 2. c4 e6 3. Nc3 Nf6 4. cxd5 exd5 5. Bg5 Be7 6. Qc2 Be6 7. e3 Nc6 8. a3 a6 9. Bd3 h6 10. Bh4 Qd7 11. Nge2 Nh5 12. Bxe7 Nxe7 13. Na4 0-0 14. Nc5 Qc8 15. 0-0 Nf6 16. Rfc1 c6 17. b4 Nd7 18. Nb3 Kh8 19. Rab1 Ng8 20. a4 Qd8 21. b5 cxb5 22. axb5 Qh4 23. bxa6 bxa6 24. g3 Qg4 25. Nf4 h5 26. Qe2 Ngf6 27. Qxg4 Bxg4 28. Nc5 Nxc5 29. Rxc5 Bf3 30. Rc7 g5 31. Ng2 Kg7 32. Rbb7 a5 33. h4 Bxg2 34. Kxg2 g4 35. Ra7 a4 36. Rxf7+ Rxf7 37. Rxa8 Rb7 38. Rxa4 Kf7 39. Ra2 Rb3 40. Bc2 Rc3 41. Kf1 Rc7 42. Ke2 Re7 43. Kd2 Rc7 44. e4 dxe4 45. Bb3+ Ke7 46. Rc2 Ra7 47. Ke3 Rb7 48. Ba4 Ra7 49. Bc6 Rc7 50. Bxe4 Ra7 51. Kf4 Rd7 52. Rd2 Rc7 53. Bg6 Rd7 54. Re2+ Kf8 55. Kg5 Kg7 56. Re5 Nd5 57. Bxh5 Rd6 58. Kxg4 Nf6+ 59. Kh3 Rxd4 60. Bf3 Nd7 61. Rd5 Rxd5 62. Bxd5 Ne5 63. f4 Ng6 64. h5 Ne7 65. Be4 Kh6 66. g4 1-0

[Event "La Fere op 8th"]
[Site "La Fere"]
[Date "2009.07.06"]
[Round "4"]
[White "Lever, Erwan"]
[Black "Neumair, Cedric"]
[Result "0-1"]
[WhiteElo "1601"]
[BlackElo "1845"]
[PlyCount "60"]
[EventDate "2009.07.04"]
[EventType "swiss"]
[EventRounds "9"]
[EventCountry "FRA"]
[SourceTitle "CBM 131 Extra"]
[Source "ChessBase"]
[SourceDate "2009.09.03"]
[SourceVersion "2"]
[SourceVersionDate "2009.09.16"]
[SourceQuality "1"]

1. d4 Nf6 2. Nf3 e6 3. Bf4 b6 4. e3 Bb7 5. c4 Be7 6. Nc3 0-0 7. Nb5 d6 8. Bd3 Nbd7 9. 0-0 Ne4 10. Bxe4 Bxe4 11. Nd2 Bb7 12. f3 a6 13. Nc3 Bg5 14. Bxg5 Qxg5 15. e4 Qe3+ 16. Rf2 Qxd4 17. Qe2 Nc5 18. Rd1 Nd3 19. Rdf1 Nxf2 20. Rxf2 Rae8 21. Kh1 f5 22. Nb3 Qf6 23. f4 fxe4 24. Nxe4 Qf5 25. Nc3 e5 26. Nd2 exf4 27. Qf1 g5 28. Nf3 g4 29. Nd4 Qf6 30. Qd3 Re1+ 0-1

[Event "GER-ch U25 op"]
[Site "Willingen"]
[Date "2009.06.04"]
[Round "7"]
[White "Neumair, Cedric"]
[Black "Orhan, Eda"]
[Result "0-1"]
[WhiteElo "1867"]
[BlackElo "1769"]
[PlyCount "56"]
[EventDate "2009.05.30"]
[EventType "swiss"]
[EventRounds "9"]
[EventCountry "GER"]
[SourceTitle "EXT 2010"]
[Source "ChessBase"]
[SourceDate "2010.11.25"]
[SourceVersion "1"]
[SourceVersionDate "2010.11.25"]
[SourceQuality "1"]

1. d4 d5 2. c4 c6 3. Nf3 Nf6 4. Nc3 e6 5. cxd5 exd5 6. Bg5 Be7 7. e3 Bf5 8. Bd3 Bxd3 9. Qxd3 Nbd7 10. 0-0 0-0 11. Rab1 a5 12. Rfc1 Nb6 13. Nd2 Re8 14. Bxf6 Bxf6 15. b4 axb4 16. Rxb4 Qc7 17. Rcb1 Ra6 18. Nb3 Nc4 19. Nc5 Rb6 20. N3a4 Rxb4 21. Rxb4 b6 22. Ne4 Be7 23. Rb1 b5 24. Nec5 bxa4 25. Rb7 Qa5 26. g3 Bxc5 27. dxc5 Qxc5 28. Qf5 Rf8 0-1

[Event "GER-ch U25 op"]
[Site "Willingen"]
[Date "2009.06.03"]
[Round "6"]
[White "Ackermann, Johannes"]
[Black "Neumair, Cedric"]
[Result "1-0"]
[WhiteElo "1935"]
[BlackElo "1867"]
[PlyCount "43"]
[EventDate "2009.05.30"]
[EventType "swiss"]
[EventRounds "9"]
[EventCountry "GER"]
[SourceTitle "EXT 2010"]
[Source "ChessBase"]
[SourceDate "2010.11.25"]
[SourceVersion "1"]
[SourceVersionDate "2010.11.25"]
[SourceQuality "1"]

1. e4 c5 2. Nf3 d6 3. d4 cxd4 4. Nxd4 Nf6 5. Nc3 a6 6. Bc4 e6 7. Bb3 Be7 8. f4 0-0 9. Qf3 Qc7 10. Be3 Nc6 11. 0-0-0 Bd7 12. Rhg1 b5 13. g4 Rfc8 14. g5 Ne8 15. f5 Nxd4 16. Bxd4 a5 17. Rdf1 e5 18. Nd5 Qd8 19. Bb6 Nc7 20. f6 Bf8 21. g6 fxg6 22. Nxc7+ 1-0

[Event "Niedersachsen-ch op"]
[Site "Verden"]
[Date "2009.01.05"]
[Round "5"]
[White "Lienau, Henrik"]
[Black "Neumair, Cedric"]
[Result "1-0"]
[WhiteElo "1734"]
[BlackElo "1858"]
[PlyCount "109"]
[EventDate "2009.01.03"]
[EventType "swiss"]
[EventRounds "7"]
[EventCountry "GER"]
[SourceTitle "EXT 2012"]
[Source "ChessBase"]
[SourceDate "2011.11.24"]
[SourceVersion "1"]
[SourceVersionDate "2011.11.24"]
[SourceQuality "1"]

1. e4 c5 2. Nf3 d6 3. d4 cxd4 4. Nxd4 Nf6 5. Nc3 a6 6. Bg5 e6 7. f4 Be7 8. Qf3 Qc7 9. 0-0-0 Nbd7 10. g4 h6 11. Bxf6 Bxf6 12. Kb1 b5 13. Bg2 Bb7 14. f5 e5 15. Nb3 Nb6 16. Bf1 b4 17. Ne2 Rc8 18. Qd3 Qxc2+ 19. Qxc2 Rxc2 20. Ng3 Rc7 21. Rxd6 Nc8 22. Rd2 Bg5 23. Rc2 Rxc2 24. Kxc2 Nd6 25. Nc5 a5 26. Nxb7 Nxb7 27. Bb5+ Ke7 28. Rd1 Rc8+ 29. Kb1 Nd6 30. Bd3 Nc4 31. Bxc4 Rxc4 32. b3 Rd4 33. Rxd4 exd4 34. Kc2 Kd6 35. Kd3 Ke5 36. Ne2 Be3 37. h3 g6 38. fxg6 fxg6 39. Ng3 Bg1 40. Ne2 Bf2 41. Nc1 h5 42. gxh5 gxh5 43. Ne2 Be3 44. Ng3 h4 45. Ne2 Bf2 46. Nc1 Kf4 47. Ne2+ Kf3 48. Nxd4+ Kg2 49. e5 Bg3 50. e6 Bd6 51. Nf5 Bf8 52. Nxh4+ Kxh3 53. Ng6 Bd6 54. e7 Bxe7 55. Nxe7 1-0

[Event "Niedersachsen-ch op"]
[Site "Verden"]
[Date "2009.01.05"]
[Round "6"]
[White "Neumair, Cedric"]
[Black "Oehne, Timo"]
[Result "1-0"]
[WhiteElo "1858"]
[BlackElo "1261"]
[PlyCount "73"]
[EventDate "2009.01.03"]
[EventType "swiss"]
[EventRounds "7"]
[EventCountry "GER"]
[SourceTitle "EXT 2012"]
[Source "ChessBase"]
[SourceDate "2011.11.24"]
[SourceVersion "1"]
[SourceVersionDate "2011.11.24"]
[SourceQuality "1"]

1. d4 Nf6 2. c4 g6 3. Nc3 Bg7 4. e4 d6 5. g3 Nbd7 6. Bg2 0-0 7. Nf3 e5 8. 0-0 exd4 9. Nxd4 Nc5 10. h3 Re8 11. Re1 h6 12. Kh2 a6 13. b3 Ncxe4 14. Nxe4 Nxe4 15. Bxe4 c5 16. Nc2 Bxa1 17. Nxa1 Qf6 18. Nc2 Qxf2+ 19. Bg2 Bf5 20. Ne3 Bd7 21. Re2 Qf6 22. Nd5 Qd8 23. Rf2 Re6 24. Qf3 Be8 25. Bxh6 Kh7 26. Bc1 Rc8 27. Nf6+ Kg7 28. Bb2 Kf8 29. Nd5 Rc6 30. Qc3 Re5 31. Qc1 Rh5 32. Bf6 Qd7 33. Be7+ Kg7 34. Qf4 Rf5 35. Bf6+ Kh7 36. Qe4 Rh5 37. Re2 1-0

[Event "Hannover-ch C/D"]
[Site "Lehrte"]
[Date "2008.10.12"]
[Round "3"]
[White "Neumair, Cedric"]
[Black "Ehlert, Horst"]
[Result "1/2-1/2"]
[WhiteElo "1831"]
[BlackElo "1935"]
[PlyCount "72"]
[EventDate "2008.10.11"]
[EventType "swiss"]
[EventRounds "7"]
[EventCountry "GER"]
[SourceTitle "EXT 2021"]
[Source "ChessBase"]
[SourceDate "2020.10.23"]
[SourceVersion "1"]
[SourceVersionDate "2020.10.23"]
[SourceQuality "1"]

1. d4 d5 2. c4 e6 3. Nc3 Nf6 4. cxd5 exd5 5. Bg5 Nbd7 6. e3 Be7 7. Bd3 0-0 8. Nf3 b6 9. 0-0 Bb7 10. Qc2 c5 11. Rfe1 a6 12. a4 Re8 13. Rac1 c4 14. Bf1 Rc8 15. Nd2 Nf8 16. b3 Bb4 17. Qb2 Qd6 18. Bxf6 Bxc3 19. Rxc3 Qxf6 20. bxc4 dxc4 21. Rxc4 Rxc4 22. Nxc4 Re6 23. Ne5 Ng6 24. Nxg6 Qxg6 25. Rc1 Rc6 26. d5 Rxc1 27. Qxc1 Qd6 28. e4 g6 29. Qc3 h5 30. g3 h4 31. Bh3 b5 32. axb5 axb5 33. Bc8 b4 34. Qc4 Bxc8 35. Qxc8+ Kg7 36. Qc4 h3 1/2-1/2

[Event "Hannover-ch C/D"]
[Site "Lehrte"]
[Date "2008.10.11"]
[Round "2"]
[White "Neumair, Jerome"]
[Black "Neumair, Cedric"]
[Result "1/2-1/2"]
[WhiteElo "1980"]
[BlackElo "1831"]
[PlyCount "93"]
[EventDate "2008.10.11"]
[EventType "swiss"]
[EventRounds "7"]
[EventCountry "GER"]
[SourceTitle "EXT 2021"]
[Source "ChessBase"]
[SourceDate "2020.10.23"]
[SourceVersion "1"]
[SourceVersionDate "2020.10.23"]
[SourceQuality "1"]

1. d4 Nf6 2. Nf3 e6 3. c4 d5 4. Bg5 Be7 5. Nc3 Nbd7 6. cxd5 exd5 7. e3 0-0 8. Bd3 Re8 9. 0-0 b6 10. Rb1 c5 11. Bb5 Bb7 12. dxc5 bxc5 13. Bxf6 Nxf6 14. Bxe8 Qxe8 15. Qc2 Rd8 16. Rfd1 Qc6 17. Rbc1 Rc8 18. Ne2 Ne4 19. Nf4 Rd8 20. Nd2 Nxd2 21. Qxd2 g5 22. Ne2 Rd6 23. f3 h5 24. Nd4 Qc8 25. Qc2 Rf6 26. Nb3 c4 27. Nd4 Qb8 28. b3 Ba6 29. bxc4 dxc4 30. Qa4 Qe5 31. Kf2 Bc5 32. Rxc4 Bxc4 33. Qxc4 Bb6 34. g3 g4 35. f4 Qe4 36. Qd3 Qd5 37. Qb3 Qe4 38. Qd3 Qd5 39. Qb3 Qe4 40. Qb1 Qe8 41. Qb5 Qxb5 42. Nxb5 Rf5 43. Nd4 Ra5 44. Rd2 Ra4 45. Ke2 Ra3 46. Nb3 Kg7 47. Nd4 1/2-1/2

[Event "Dortmund Sparkassen op"]
[Site "Dortmund"]
[Date "2008.07.06"]
[Round "9"]
[White "Neumair, Cedric"]
[Black "Maciag, Bartosz"]
[Result "1-0"]
[WhiteElo "1844"]
[BlackElo "1791"]
[PlyCount "137"]
[EventDate "2008.06.30"]
[EventType "swiss"]
[EventRounds "9"]
[EventCountry "GER"]
[SourceTitle "CBM 125 Extra"]
[Source "ChessBase"]
[SourceDate "2008.09.01"]
[SourceVersion "1"]
[SourceVersionDate "2008.09.01"]
[SourceQuality "1"]

1. d4 Nf6 2. c4 e6 3. Nc3 Bb4 4. f3 d5 5. a3 Bxc3+ 6. bxc3 0-0 7. e3 Nh5 8. Nh3 Qh4+ 9. Nf2 b6 10. cxd5 exd5 11. Bd3 f5 12. Qc2 c5 13. Qa2 Be6 14. a4 Nc6 15. Ba3 cxd4 16. cxd4 Rf6 17. Bb5 Bf7 18. Rc1 Nxd4 19. exd4 Re6+ 20. Kf1 Qxd4 21. Qb2 Qe3 22. Bd7 Rae8 23. Bxe6 Rxe6 24. Bb4 d4 25. Re1 Qf4 26. Rxe6 Bxe6 27. Qd2 Bc4+ 28. Kg1 Qe5 29. Qe1 Qe3 30. Qxe3 dxe3 31. Nh3 g5 32. g4 fxg4 33. Nxg5 gxf3 34. Nxf3 Bd5 35. Kg2 Nf4+ 36. Kg3 Ne2+ 37. Kg4 h5+ 38. Kf5 Bxf3 39. Rf1 Nd4+ 40. Kf6 e2 41. Rg1+ Kh7 42. Rg7+ Kh8 43. Re7 Nc2 44. Bc3 e1Q 45. Bxe1 Nxe1 46. Rxe1 Bc6 47. Re7 a5 48. Re6 Bxa4 49. Rxb6 Bc2 50. Rb5 a4 51. Rxh5+ Kg8 52. Ra5 Kh7 53. Ra8 Bb3 54. h4 Bc2 55. h5 Bb3 56. Kg5 Bc2 57. Ra7+ Kh8 58. Kh6 Kg8 59. Ra8+ Kf7 60. Rc8 Bd3 61. Rd8 Bc2 62. Ra8 Bb3 63. Kh7 Bc2+ 64. Kh6 Bb3 65. Kg5 Kg7 66. h6+ Kh7 67. Ra7+ Kh8 68. h7 Bd5 69. Kh6 1-0

[Event "Dortmund Sparkassen op"]
[Site "Dortmund"]
[Date "2008.06.30"]
[Round "1"]
[White "Steinmetzer, Thomas"]
[Black "Neumair, Cedric"]
[Result "1-0"]
[WhiteElo "2038"]
[BlackElo "1844"]
[PlyCount "41"]
[EventDate "2008.06.30"]
[EventType "swiss"]
[EventRounds "9"]
[EventCountry "GER"]
[SourceTitle "CBM 125 Extra"]
[Source "ChessBase"]
[SourceDate "2008.09.01"]
[SourceVersion "1"]
[SourceVersionDate "2008.09.01"]
[SourceQuality "1"]

1. e4 c5 2. Nf3 d6 3. d4 cxd4 4. Nxd4 Nf6 5. Nc3 a6 6. Bg5 e6 7. f4 Be7 8. Qe2 0-0 9. 0-0-0 Nbd7 10. g4 Qc7 11. Bg2 Rb8 12. Rhe1 b5 13. e5 dxe5 14. Nc6 Bc5 15. Nxb8 Qxb8 16. fxe5 Ne8 17. Kb1 Nc7 18. Bc6 Nb6 19. Ne4 Na4 20. Nxc5 Nxc5 21. Be7 1-0

[Event "GER-ch Net qual4 U18"]
[Site "Playchess.com INT"]
[Date "2008.06.11"]
[Round "4"]
[White "Colpe, Malte"]
[Black "Neumair, Cedric"]
[Result "1/2-1/2"]
[WhiteElo "2050"]
[BlackElo "1834"]
[PlyCount "118"]
[EventDate "2008.06.11"]
[EventType "swiss (blitz)"]
[EventRounds "7"]
[EventCountry "GER"]
[SourceTitle "CBM 124 Extra"]
[Source "ChessBase"]
[SourceDate "2008.07.03"]
[SourceVersion "1"]
[SourceVersionDate "2008.07.03"]
[SourceQuality "1"]

1. d4 Nf6 2. Nf3 e6 3. c4 d5 4. Qc2 Be7 5. Bg5 0-0 6. e3 a6 7. Nc3 Nbd7 8. cxd5 exd5 9. Bd3 h6 10. Bh4 c6 11. 0-0 Re8 12. h3 Nf8 13. Ne5 N8d7 14. f4 Nxe5 15. fxe5 Nd7 16. Bxe7 Qxe7 17. Rae1 Nf8 18. e4 dxe4 19. Nxe4 Ne6 20. Nd6 Rf8 21. Bh7+ Kh8 22. Qe4 Ng5 23. Nxf7+ Rxf7 24. Rxf7 Qxf7 25. Qd3 Nxh7 26. Rf1 Qe7 27. Qg6 Be6 28. Qe4 Ng5 29. Qf4 Bxh3 30. Kh2 Be6 31. Re1 Rf8 32. Qg3 Qd7 33. Qh4 Kg8 34. Re3 Bxa2 35. b3 Qe6 36. Qg3 Bb1 37. Qh4 Bg6 38. Rg3 Bf5 39. b4 Ne4 40. Re3 g5 41. Qe1 Qd5 42. Rd3 Bg6 43. Rd1 Nf2 44. Rd2 Ng4+ 45. Kg3 h5 46. e6 Nf6 47. e7 Re8 48. Rf2 Ne4+ 49. Kh2 Nxf2 50. Qxf2 Qd6+ 51. Kh3 g4+ 52. Kh4 Qxe7+ 53. Kg3 Qd6+ 54. Kh4 Kg7 55. b5 Qf6+ 56. Qxf6+ Kxf6 57. b6 a5 58. d5 cxd5 59. g3 d4 1/2-1/2

[Event "GER-ch U25 op"]
[Site "Willingen"]
[Date "2008.05.15"]
[Round "7"]
[White "Neumair, Cedric"]
[Black "Paulus, Jeffrey"]
[Result "1-0"]
[WhiteElo "1844"]
[BlackElo "1674"]
[PlyCount "65"]
[EventDate "2008.05.11"]
[EventType "swiss"]
[EventRounds "9"]
[EventCountry "GER"]
[SourceTitle "CBM 124 Extra"]
[Source "ChessBase"]
[SourceDate "2008.07.03"]
[SourceVersion "1"]
[SourceVersionDate "2008.07.03"]
[SourceQuality "1"]

1. d4 d5 2. c4 c6 3. Nf3 Nf6 4. Nc3 dxc4 5. a4 Bf5 6. Bf4 e6 7. e3 Bb4 8. Bxc4 Ne4 9. Qb3 Qe7 10. 0-0 Bxc3 11. bxc3 Bg4 12. Qc2 Nf6 13. Nd2 Nbd7 14. Rfb1 b6 15. a5 b5 16. Bd3 0-0 17. c4 b4 18. c5 e5 19. dxe5 Nxe5 20. Ba6 Nd5 21. Bg3 Nc3 22. Rxb4 Qxc5 23. Rb2 Rfe8 24. Nb3 Qb4 25. Nc1 Bd1 26. Rxb4 Bxc2 27. Bxe5 Rxe5 28. Rc4 Rd8 29. Rxc3 Rd1+ 30. Bf1 Be4 31. f3 Bd5 32. Nb3 Bxb3 33. Rxb3 1-0

[Event "GER-ch U25"]
[Site "Willingen"]
[Date "2007.05.29"]
[Round "5"]
[White "Sieker, Roland"]
[Black "Neumair, Cedric"]
[Result "1/2-1/2"]
[WhiteElo "2014"]
[BlackElo "1581"]
[PlyCount "43"]
[EventDate "2007.05.26"]
[EventType "swiss"]
[EventRounds "9"]
[EventCountry "GER"]
[SourceTitle "CBM 118 Extra"]
[Source "ChessBase"]
[SourceDate "2007.07.04"]
[SourceVersion "1"]
[SourceVersionDate "2007.07.04"]
[SourceQuality "1"]

1. e4 c5 2. Nf3 d6 3. d4 cxd4 4. Nxd4 Nf6 5. Nc3 a6 6. Be2 e5 7. Nb3 Be6 8. Bg5 Be7 9. Qd2 Nbd7 10. 0-0 0-0 11. Rad1 b5 12. Bd3 Qc7 13. f4 Rfd8 14. f5 Bc4 15. Kh1 Nb6 16. Qf2 d5 17. Bxf6 Bxf6 18. exd5 Nxd5 19. Nxd5 Bxd5 20. Nd2 Qc6 21. Qe2 Rac8 22. Ne4 1/2-1/2

[Event "Duesseldorf-ch"]
[Site "Duesseldorf"]
[Date "2006.09.07"]
[Round "2"]
[White "Neumair, Cedric"]
[Black "Sapkowski, Wieslaw"]
[Result "0-1"]
[WhiteElo "1599"]
[BlackElo "1941"]
[PlyCount "67"]
[EventDate "2006.08.24"]
[EventType "swiss"]
[EventRounds "7"]
[EventCountry "GER"]
[SourceTitle "EXT 2008"]
[Source "ChessBase"]
[SourceDate "2007.11.25"]
[SourceVersion "1"]
[SourceVersionDate "2007.11.25"]
[SourceQuality "1"]

1. e4 e5 2. Nf3 Nc6 3. d4 exd4 4. Nxd4 Bc5 5. Be3 Qf6 6. c3 d6 7. Na3 Bxa3 8. bxa3 Bd7 9. Rb1 b6 10. Bb5 Nxd4 11. Bxd7+ Kxd7 12. cxd4 Qg6 13. Qf3 Re8 14. 0-0 Rxe4 15. Rfc1 Ne7 16. Rb3 Rc8 17. Rbc3 c6 18. Bg5 f6 19. Be3 Qg4 20. Qxg4+ Rxg4 21. f3 Rg6 22. Bf2 Nd5 23. Rc4 Nf4 24. Kf1 Nxg2 25. R1c2 Nf4 26. Bg3 Nd5 27. Re2 f5 28. Rc1 Re6 29. Rce1 Rce8 30. Rxe6 Rxe6 31. Rxe6 Kxe6 32. Be1 Ne3+ 33. Ke2 Nc2 34. Kd3 0-1